000
00345 a2200157 4500
001
61205
020
_a
851002099X
040
_c
Anchieta - Pituba
100
_a
Schwenck, Terezinha do Carmo
240
1
0
_a
Ciências
_l
por
245
1
0
_a
Ciências
300
_a
192
362
0
_a
1997
650
4
_a
Ciências naturais e matemática
942
_c
BK
999
_c
61205
_d
61205